00540 2200193 4500001002100000005001500021008004100036020001800077035002500095041000800120082001000128090001000138100002000148245008300168250001600251260004200267300002700309650001000336INLIS00000000000623920130515161225 ind  a979-655-278-7 a0010-051300000006239 aind a152.4 a152.4 aDaniel, Goleman aKecerdasan Emosi untuk Mencapai Puncak Prestasi/ penerjemah, Alex T., Kantjono aCetakan : 2 aJakartabGramedia Pustaka Utamac1999 axiii, 584 hlm. ;20 cm. aEmosi